000 00381nam a2200169Ia 4500
005 20240823011337.0
008 240823s9999||||xx |||||||||||||| ||und||
082 _A070.52 N4
100 _a"Owen,Lynette"
245 0 _aSelling Rights
250 _a2nd
260 _c1994
_b"Blue print,London"
500 _aYES
650 _aGeneral
_bGeneral
942 _cBK
999 _c161251
_d161251